000 00272nam a22001217a 4500
999 _c163248
_d163248
082 _a
_b
100 _aBirdwood C B
245 _aIndia's Freedom struggle/
_cby Birdwood C B.
260 _aNew Delhi:
_bDiscovery,
_c1988.
300 _a274p.
650 _a
942 _cBK